| 000 | 00949nam a2200277 i 4500 | ||
|---|---|---|---|
| 005 | 20210818181934.0 | ||
| 008 | s2006 ck a grf 000 0 spa d | ||
| 020 | _a9789587260670 | ||
| 040 |
_aCOMFC _bspa _erda |
||
| 100 | 1 |
_952453 _aRivera Aranzazu, Norma Constanza _eaut |
|
| 245 | 1 | 0 |
_aElementos de la composición 2 _cNorma Constanza Rivera Aranzazu |
| 264 | 0 | 1 |
_aPereira _bInstituto Comfamiliar. Área de Educación _c2006 |
| 300 |
_a28 páginas _bilustraciones |
||
| 336 |
_2rdacontent _atxt |
||
| 337 |
_2rdamedia _an |
||
| 338 |
_2rdacarrier _anc |
||
| 490 |
_952454 _aArtística |
||
| 082 | 0 | 4 |
_a700.20 _bR621e C. 5 M. 1 |
| 650 | 0 |
_952455 _aElementos de la Composición |
|
| 650 | 0 |
_952456 _aSimetría |
|
| 650 | 0 |
_952457 _aAsimetría |
|
| 650 | 0 |
_914132 _aEquilibrio |
|
| 650 | 0 |
_952458 _aContraste |
|
| 650 | 0 |
_952459 _aLuz y Color |
|
| 942 |
_2ddc _h700.20 R621e C. 5 M. 1 _k700.20 _mR621e C. 5 M. 1 |
||
| 999 |
_c13421 _d13421 |
||